[Event "Bamoss"]
[Site "http://www.queenalice.com/game.php?id=1485388"]
[Date "2017.7.9"]
[Round "-"]
[White "zariuq"]
[Black "a_pawn"]
[Result "1-0"]
[WhiteElo "1064"]
[BlackElo "1637"]

1. b3 e5 2. Bb2 Nc6 3. e3 Bc5 4. Ne2 b6 5. d4 Bb4+ 6. c3 Be7 7. d5 Nb8 8. c4 d6
9. f4 f6 10. e4 Nh6 11. f5 Nd7 12. Nbc3 Bb7 13. Ng1 Nf7 14. Bc1 c6 15. Be3 O-O
16. Nf3 Rc8 17. Qc2 cxd5 18. cxd5 Nc5 19. Bc4 a6 20. a4 Qd7 21. b4 Nxe4 22. Qxe4
Qc7 23. Nd2 b5 24. axb5 axb5 25. Nxb5 Ng5 26. Bxg5 fxg5 27. Nxc7 1-0

[Event "zebra - 27"]
[Site "http://www.queenalice.com/game.php?id=1488101"]
[Date "2017.7.31"]
[Round "-"]
[White "zariuq"]
[Black "zubarev"]
[Result "1-0"]
[WhiteElo "1064"]
[BlackElo "1848"]

1. g3 d5 2. e3 Nf6 3. Nc3 e6 4. b3 Nc6 5. f4 Bd7 6. Nf3 Bb4 7. Ne5 O-O 8. Bd3
Nxe5 9. fxe5 Ne8 10. Qg4 f5 11. Qxb4 Bc6 12. Ba3 Rf7 13. O-O b6 14. Rf2 a5 15.
Qh4 1-0

[Event "Let's Play Chess!"]
[Site "http://www.queenalice.com/game.php?id=1488192"]
[Date "2017.7.31"]
[Round "-"]
[White "manuelito"]
[Black "zariuq"]
[Result "0-1"]
[WhiteElo "1758"]
[BlackElo "1101"]

1. d4 d5 2. e3 e6 3. Nf3 h6 4. Be2 Bd7 5. O-O Nc6 6. c4 Nf6 7. Nc3 Bd6 8. cxd5
exd5 9. a3 Qe7 10. b4 O-O 11. Bb2 a6 12. h3 Bf5 13. Bd3 Qe6 14. Bxf5 Qxf5 15.
Rc1 Qh5 16. Ne2 Rae8 17. Ng3 Bxg3 18. fxg3 Rxe3 19. Re1 Rxe1+ 20. Qxe1 Re8 21.
Qc3 Ne4 22. Qe1 Qg6 23. Nh4 Qxg3 24. Qxg3 Nxg3 25. Kf2 Ne4+ 26. Kg1 Nd6 27. Nf3
Nc4 28. Rc2 Re3 29. Kf2 Rb3 30. Bc1 Rd3 31. Ke2 Rxd4 32. Nxd4 Nxd4+ 33. Kd3 Nxc2
34. Kxc2 g5 35. g3 b6 36. Kd3 c5 37. bxc5 bxc5 38. a4 Kh7 0-1

[Event "Ajedrez # 5"]
[Site "http://www.queenalice.com/game.php?id=1488363"]
[Date "2017.8.1"]
[Round "2"]
[White "Scharlatan"]
[Black "zariuq"]
[Result "0-1"]
[WhiteElo "2153"]
[BlackElo "1101"]

1. e4 e5 2. Nf3 d6 3. d4 exd4 4. Nxd4 Nf6 5. Nc3 Be7 6. g3 O-O 7. Bg2 Nc6 8. O-O
Nxd4 9. Qxd4 Be6 10. Bg5 c6 11. Rad1 Qa5 12. Bd2 Rae8 13. Nd5 Qc5 14. Nxe7+ Rxe7
15. Bg5 Qxg5 16. Qxd6 Rd7 17. Qb4 Rxd1 18. Rxd1 Qb5 19. Qc3 Qb6 20. h4 Rd8 21.
Re1 Re8 22. Qe5 Ng4 0-1

[Event "Let's Play Chess!"]
[Site "http://www.queenalice.com/game.php?id=1489108"]
[Date "2017.8.7"]
[Round "-"]
[White "zariuq"]
[Black "chessplayer123"]
[Result "1-0"]
[WhiteElo "1101"]
[BlackElo "1865"]

1. h3 d5 2. d4 Nf6 3. e3 Nc6 4. c4 dxc4 5. Bxc4 e6 6. Nf3 Qe7 7. Nc3 g6 8. a3
Bg7 9. e4 O-O 10. e5 Nd7 11. O-O Nb6 12. Bb3 Re8 13. Ne4 Nd5 14. Bg5 f6 15. exf6
Nxf6 16. Ba4 Bd7 17. Ne5 h6 18. Bxf6 Bxf6 19. Nxf6+ 1-0

[Event "Let's Play Chess!"]
[Site "http://www.queenalice.com/game.php?id=1489744"]
[Date "2017.8.12"]
[Round "-"]
[White "zariuq"]
[Black "knight576"]
[Result "1/2-1/2"]
[WhiteElo "1101"]
[BlackElo "2198"]

1. a3 d5 2. g3 e5 3. d3 Nc6 4. e4 Nf6 5. Bg2 dxe4 6. dxe4 Qxd1+ 7. Kxd1 Nd4 8.
Be3 Ng4 9. Nc3 Bd7 10. Nf3 Nxf3 11. Bxf3 Nxe3+ 12. fxe3 O-O-O 13. Ke2 Bh3 14.
Rhd1 Rxd1 15. Rxd1 c6 16. g4 Be7 17. Rg1 Bh4 18. Nd1 g6 19. Nf2 Bxf2 20. Kxf2 h5
21. gxh5 gxh5 22. Rg5 Bg4 23. Rxe5 f6 24. Rc5 Kd7 25. Rc4 Rg8 26. Rd4+ Ke6 27.
c3 Bxf3 28. Kxf3 h4 29. a4 h3 30. a5 Rg2 31. Rb4 Rxh2 32. Rxb7 Rc2 33. Rxa7 h2
34. Rh7 Rxb2 35. a6 Ra2 36. c4 Rxa6 37. Rxh2 Ra4 38. c5 Rc4 39. Rh5 Rc2 40. Kg3
Rc3 41. Kf4 Rc4 42. Kf3 Rc2 43. Rf5 Rc4 44. Kf4 Rb4 45. Rh5 1/2-1/2

[Event "Let's Play Chess!"]
[Site "http://www.queenalice.com/game.php?id=1490088"]
[Date "2017.8.14"]
[Round "-"]
[White "PatricioKM"]
[Black "zariuq"]
[Result "0-1"]
[WhiteElo "1722"]
[BlackElo "1309"]

1. e4 e5 2. Nf3 Bd6 3. d4 f6 4. Nc3 exd4 5. Nxd4 Be5 6. Ncb5 a6 7. Nc3 Nc6 8.
Nxc6 dxc6 9. Qxd8+ Kxd8 10. Bc4 b5 11. Bd3 Be6 12. O-O Nh6 13. f4 Bd4+ 14. Kh1
Ng4 15. h3 Nf2+ 16. Kh2 Re8 17. Ne2 Bc5 18. a3 Bc4 19. Bxc4 bxc4 20. Nc3 Nxe4
21. Nxe4 Rxe4 22. b4 cxb3 23. cxb3 Kd7 24. b4 Bd6 25. Ra2 a5 26. bxa5 Rxa5 27.
Rf3 Rc5 28. Be3 Rxe3 29. Rxe3 Bxf4+ 30. Rg3 Rc3 31. a4 Bxg3+ 32. Kg1 Rc1# 0-1

[Event "Let's Play Chess!"]
[Site "http://www.queenalice.com/game.php?id=1490089"]
[Date "2017.8.14"]
[Round "-"]
[White "zariuq"]
[Black "chessplayer123"]
[Result "1-0"]
[WhiteElo "1101"]
[BlackElo "1826"]

1. e3 e5 2. d4 exd4 3. exd4 d5 4. Qe2+ Be6 5. g3 Nc6 6. Bh3 Qe7 7. Be3 Bxh3 8.
Nxh3 O-O-O 9. Nc3 Nf6 10. Nf4 h6 11. O-O g5 12. Nd3 Bg7 13. Nc5 a6 14. Qf3 Ne4
15. Qf5+ Kb8 16. Nxd5 Qe8 17. Nxe4 Nxd4 18. Bxd4 Bxd4 19. c3 Be5 20. Rfe1 Rxd5
21. Nf6 Qe6 22. Qxe6 1-0

[Event "Let's Play Chess!"]
[Site "http://www.queenalice.com/game.php?id=1490090"]
[Date "2017.8.14"]
[Round "-"]
[White "chessplayer123"]
[Black "zariuq"]
[Result "0-1"]
[WhiteElo "1817"]
[BlackElo "1115"]

1. e4 e5 2. Nf3 f6 3. Bc4 c6 4. d3 d5 5. exd5 cxd5 6. Bb5+ Bd7 7. Bxd7+ Qxd7 8.
O-O Nc6 9. Nc3 d4 10. Ne4 f5 11. Ng3 f4 12. Ne4 Nf6 13. Re1 O-O-O 14. a3 Kb8 15.
b4 a6 16. Bb2 h6 17. Rb1 Be7 18. a4 Bxb4 19. Re2 Qc7 20. c4 dxc3 21. Nxc3 Nd4
22. Nxd4 exd4 23. Ne4 Rhe8 24. Rc2 Qe5 25. Ba1 Nxe4 26. Rxb4 Nf6 27. Qb1 Qe1+
0-1

[Event "Coffee"]
[Site "http://www.queenalice.com/game.php?id=1490609"]
[Date "2017.8.21"]
[Round "-"]
[White "magalhaes_br"]
[Black "zariuq"]
[Result "0-1"]
[WhiteElo "1272"]
[BlackElo "1361"]

1. e4 e5 2. Nf3 Nf6 3. Bc4 d5 4. Be2 dxe4 5. Nxe5 Bd6 6. Nc4 Be6 7. d3 exd3 8.
cxd3 Bb4+ 9. Bd2 Qe7 10. a3 Bxd2+ 11. Nbxd2 Nc6 12. Nb3 Rd8 13. h3 Bxc4 14. Nd2
Bxd3 15. Rc1 Nd4 16. Kf1 Bxe2+ 17. Kg1 Bxd1 18. Rxd1 Qe2 19. Kh2 Qxf2 20. Rhf1
Qh4 21. g3 Ng4+ 22. Kg2 Ne3+ 23. Kf2 Qe7 24. Kg1 Nxd1 25. Rxd1 Qe3+ 26. Kg2 Qe2+
27. Kh1 Qxd1+ 28. Kg2 Qxd2+ 29. Kf1 Qe2+ 30. Kg1 Nf3+ 31. Kh1 Qh2# 0-1

[Event "Let's Play Chess!"]
[Site "http://www.queenalice.com/game.php?id=1491013"]
[Date "2017.8.21"]
[Round "-"]
[White "josebaron"]
[Black "zariuq"]
[Result "0-1"]
[WhiteElo "2049"]
[BlackElo "1220"]

1. e4 d5 2. exd5 Qxd5 3. Nc3 Qe6+ 4. Be2 f5 5. Nf3 Nf6 6. d4 Qb6 7. h3 e6 8. Nb5
a6 9. Nc3 Bd6 10. O-O Nc6 11. a3 O-O 12. Bc4 Re8 13. Re1 Bd7 14. Bb3 Kh8 15. Be3
f4 16. Bc1 Qa5 17. Ne4 Nxe4 18. Rxe4 Qf5 19. Qd3 Na5 20. Bd2 Bb5 21. c4 Nxb3 22.
Qxb3 Bxc4 23. Qc2 Bd5 24. Rae1 Rad8 25. Nh4 Qf6 26. Nf3 Qf5 27. Ne5 Bxe5 28.
dxe5 Bxe4 29. Rxe4 Rxd2 30. Qxd2 Qxe4 31. Qd7 Ra8 32. Qxc7 Qb1+ 33. Kh2 Qxb2 34.
f3 Kg8 35. a4 Qb3 36. a5 Qd5 0-1

[Event "Let's Play Chess!"]
[Site "http://www.queenalice.com/game.php?id=1491384"]
[Date "2017.8.24"]
[Round "-"]
[White "zariuq"]
[Black "ketchuplover"]
[Result "0-1"]
[WhiteElo "1327"]
[BlackElo "1792"]

1. d3 d5 2. e4 dxe4 3. dxe4 Qxd1+ 4. Kxd1 e5 5. Nf3 Bd6 6. Bd3 Nf6 7. Na3 Be6 8.
Ng5 a6 9. Nc4 h6 10. Nxe6 fxe6 11. f3 b5 12. Nxd6+ cxd6 13. Be3 Nbd7 14. a4 b4
15. Kc1 Nc5 16. Bc4 Ke7 17. Bxc5 dxc5 18. b3 Rhd8 19. a5 Rd4 20. Bd3 Nd7 21. Kb1
Nf6 22. Kb2 g5 23. g4 Rad8 0-1

[Event "Let's Play Chess!"]
[Site "http://www.queenalice.com/game.php?id=1491680"]
[Date "2017.8.25"]
[Round "-"]
[White "zariuq"]
[Black "alepersichetti"]
[Result "1-0"]
[WhiteElo "1261"]
[BlackElo "1269"]

1. d4 Nf6 2. Nc3 g6 3. e4 Bg7 4. e5 Nh5 5. g4 Nf4 6. Bxf4 d5 7. Bg2 e6 8. Qf3
O-O 9. h4 c6 10. h5 Qa5 11. h6 Bh8 12. a3 b5 13. b4 Qb6 14. a4 Na6 15. a5 Qxd4
16. Rd1 Qxb4 17. Qe3 Qxa5 18. Nf3 b4 19. Ne2 c5 20. O-O c4 21. Nfd4 Bd7 22. Ra1
Ba4 23. Nc6 Qc5 24. Qxc5 Nxc5 25. Ne7# 1-0

[Event "Let's Play Chess!"]
[Site "http://www.queenalice.com/game.php?id=1491857"]
[Date "2017.8.27"]
[Round "-"]
[White "zariuq"]
[Black "Stargate64"]
[Result "0-1"]
[WhiteElo "1279"]
[BlackElo "1505"]

1. e3 e5 2. d4 exd4 3. exd4 d5 4. Be2 Bd6 5. Nc3 Ne7 6. g3 O-O 7. Nh3 Bxh3 8.
Nb5 c6 9. Nxd6 Qxd6 10. Qd3 Bg2 11. Rg1 Be4 12. Qb3 c5 13. f3 Bg6 14. Bf4 Qb6
15. Qxb6 axb6 16. dxc5 bxc5 17. O-O-O Nbc6 18. Bd6 Rxa2 19. Bxc5 Rc8 20. Kb1 Ra5
21. b4 Bxc2+ 22. Kxc2 Ra2+ 23. Kd3 Nf5 24. g4 Ne5+ 25. Kc3 Ne3 26. Rge1 Nxd1+
27. Bxd1 Ra3+ 28. Kb2 Nc4+ 29. Kb1 b6 30. Bg1 f6 31. Bf2 Rd3 32. Bg1 Na3+ 33.
Kb2 Rcc3 34. Ba4 Nc4+ 35. Ka1 Ra3+ 0-1

[Event "Let's Play Chess!"]
[Site "http://www.queenalice.com/game.php?id=1491944"]
[Date "2017.8.27"]
[Round "-"]
[White "attib"]
[Black "zariuq"]
[Result "0-1"]
[WhiteElo "1132"]
[BlackElo "1250"]

1. e4 e5 2. Nf3 Nf6 3. Nc3 Nc6 4. Bc4 Nxe4 5. Nxe4 d5 6. Bd3 dxe4 7. Bxe4 f6 8.
b3 f5 9. Bxc6+ bxc6 10. Nxe5 Qf6 11. Bb2 Qe6 12. O-O h5 13. Re1 Kd8 14. Nc4 Qf7
15. Qe2 Rh6 16. Qd3+ Qd7 17. Qxd7+ Bxd7 18. Ba3 Bxa3 19. Nxa3 Be6 20. Nc4 Bxc4
21. bxc4 Rb8 22. c3 Rb2 23. d4 Rc2 24. Re3 f4 25. Rf3 Rf6 26. g3 fxg3 27. Rxf6
gxh2+ 28. Kxh2 gxf6 29. Kg2 Rxc3 30. Rh1 Rxc4 31. Rxh5 Rxd4 32. Rh8+ Kd7 33.
Rh7+ Kc8 34. Rh6 Rd6 35. Kg3 a6 0-1

[Event "Let's Play Chess!"]
[Site "http://www.queenalice.com/game.php?id=1492214"]
[Date "2017.8.29"]
[Round "-"]
[White "kinghenry"]
[Black "zariuq"]
[Result "0-1"]
[WhiteElo "1875"]
[BlackElo "1279"]

1. d4 d5 2. Bf4 f6 3. e3 Nc6 4. a3 e5 5. dxe5 fxe5 6. Bg3 Bf5 7. Bb5 Qd6 8. Qh5+
g6 9. Bxc6+ bxc6 10. Qd1 Rb8 11. b3 Bg7 12. b4 Nf6 13. f3 Bh6 14. Qe2 O-O 15. c3
c5 16. h3 cxb4 17. axb4 a5 18. Rxa5 Bxb1 19. Qd1 Bf5 20. e4 Be6 21. exd5 Nxd5
22. Ne2 Nxb4 23. Bxe5 Nd3+ 24. Kf1 Nxe5 25. Qc2 Nc4 26. Ra4 Ne3+ 27. Kf2 Nxc2
28. Ra5 Be3+ 29. Kf1 Qd1# 0-1

[Event "Let's Play Chess!"]
[Site "http://www.queenalice.com/game.php?id=1492894"]
[Date "2017.9.4"]
[Round "-"]
[White "zariuq"]
[Black "korchnoi"]
[Result "1-0"]
[WhiteElo "1339"]
[BlackElo "1482"]

1. e3 e5 2. d4 exd4 3. exd4 d5 4. c4 dxc4 5. Bxc4 Nf6 6. Nc3 Be7 7. Nf3 O-O 8.
h3 Nc6 9. d5 Nb8 10. Be3 Bf5 11. Nh4 Bc8 12. Nf3 Nbd7 13. O-O Nb6 14. Bb3 Bd6
15. Re1 1-0

[Event "Challenge"]
[Site "http://www.queenalice.com/game.php?id=1493335"]
[Date "2017.9.7"]
[Round "-"]
[White "zariuq"]
[Black "kinghenry"]
[Result "0-1"]
[WhiteElo "1371"]
[BlackElo "1847"]

1. d4 d5 2. Nc3 Bf5 3. f3 e6 4. e4 dxe4 5. fxe4 Bg6 6. Nf3 Bb4 7. Bb5+ c6 8. Bd3
Bh5 9. O-O Bxc3 10. bxc3 h6 11. Rb1 b6 12. Qe1 Nd7 13. Qg3 g5 14. e5 f5 15. exf6
Ngxf6 0-1

[Event "Ajedrez # 5"]
[Site "http://www.queenalice.com/game.php?id=1493846"]
[Date "2017.9.10"]
[Round "3"]
[White "zariuq"]
[Black "bobjgirl"]
[Result "0-1"]
[WhiteElo "1373"]
[BlackElo "2323"]

1. Nf3 d5 2. d4 Nf6 3. Bf4 c5 4. Nc3 Nc6 5. e3 Bg4 6. Bb5 e6 7. Bg5 Be7 8. dxc5
Bxc5 9. h3 Bh5 10. g4 Bg6 11. Ne5 Rc8 0-1